Statistics for Complete the lyrics - Someone Like You, Adele

Click here to take the quiz!

General Stats

  • This quiz has been taken 339 times
  • The average score is 24 of 32

Answer Stats

Answer% Correct
That you found a {girl} and you're married now
97%
Never mind, I'll find {someone} {like} {you}
93%
Never mind, I'll find {someone} {like} {you}
93%
{Nothing} compares
91%
I wish {nothing} {but} the best for you too
89%
I wish {nothing} {but} the best for you too
89%
That for me it isn't {over}
88%
I heard that your {dreams} {came} {true}
86%
I heard that you're {settled} {down}
85%
I'll remember you {said}
81%
I'll remember you {said}
81%
Don't forget me, I {beg}
79%
Don't forget me I {beg}
79%
I had hoped you'd see {my} {face} and that you'd be reminded
79%
{Old} {friend} why are you so shy?
78%
But I couldn't stay away, I couldn't {fight} {it}
76%
I hate to turn up {out} {of} {the} {blue} uninvited
74%
"Sometimes it {lasts} {in} {love} and sometimes it hurts instead
72%
Sometimes it {lasts} {in} {love} and sometimes it hurts instead"
72%
Sometimes it {lasts} {in} {love} but sometimes it hurts instead"
72%
"Sometimes it {lasts} {in} {love} but sometimes it hurts instead
72%
Ain't like you to {hold} {back} or hide from the light
71%
{Guess} she gave you things I didn't give to you
70%
You know how the {time} {flies}
64%
In a summer {haze}
62%
{Only} {yesterday} was the time of our lives
60%
Regrets and {mistakes}
59%
No {worries} or cares
58%
We were {born} {and} {raised}
58%
They are {memories} {made}
52%
Bound by {the} {surprise} of our glory days
43%
Who would have known how bittersweet {this} {would} {taste}?
41%

Score Distribution

Percentile by Number Answered

Percent of People with Each Score

Your Score History

You have not taken this quiz